| 000 | 00485nam a2200193Ia 4500 | ||
|---|---|---|---|
| 003 | OSt | ||
| 005 | 20260116112404.0 | ||
| 008 | 210210b1954 xxu||||| |||| 00| 0 eng d | ||
| 040 | _cAL | ||
| 041 | _aKannada | ||
| 082 | _a859/856 | ||
| 100 |
_aDEVUDU _9135826 _dದೇವುಡು. |
||
| 245 |
_aMalli _bಮಲ್ಲಿ |
||
| 260 |
_aBengaluru _bSharada Prakatanalalya _c1954 |
||
| 650 |
_aMalli _9135827 |
||
| 690 |
_aKannada Fiction _9135828 |
||
| 906 | _a021616 | ||
| 942 |
_2ddc _cBK |
||
| 999 |
_c145704 _d145704 |
||